The use of lasers in the workplace

Detalles Bibliográficos
Autores Corporativos: International Labour Organization, represented by the International Labour Office, ILO
Formato: eBook
Lenguaje:español
Publicado: [s.l.] : International Labour Organization, represented by the International Labour Office (ILO), 1993
Materias:
Acceso en línea:Acceso restringido

MARC

LEADER 00000nam a22000007a 4500
005 20130709180251.0
007 cr|||| ||||
008 130709s1993 eu |||||s|||| 00||0 spa d
020 |a 92-2-108260-1 
035 |a 11300 
040 |a vLex 
090 |c 4399  |d 4399 
245 1 4 |a The use of lasers in the workplace  |h [Recurso electrn̤ico] /  |c International Labour Organization, represented by the International Labour Office (ILO) 
256 |a Servicio en ln̕ea 
260 |a [s.l.] :  |b International Labour Organization, represented by the International Labour Office (ILO),   |c 1993 
300 |a 1 recurso electrn̤ico 
506 1 |a Contenido solo disponible en los productos indicados  |d vLex Global  |d vLex Global (Academic Edition, excluding Law Schools)  |d vLex Global (U.S. Academic Edition, Law Schools)  |d vLex Global (U.S. Academic Edition, excluding Law Schools)  |d vLex Global (Academic Edition, Law Schools) 
650 0 4 |a Ls̀er  |x Aplicaciones industriales 
710 2 |a International Labour Organization, represented by the International Labour Office 
710 2 |a ILO 
740 0 |a vLex Libros (Servicio en ln̕ea) 
856 4 0 |u http://vlex.com/source/use-lasers-workplace-11300  |z Acceso restringido 
942 |c BOOK 
999 0 |a Lasers - Industrial applications